| 000 | 01279pam a2200289 a 4500 | ||
|---|---|---|---|
| 001 | 4258406 | ||
| 003 | ARRUPE | ||
| 005 | 20150218141314.0 | ||
| 008 | 840104s1984 ne b 101 0 eng | ||
| 010 | _a 84001463 | ||
| 020 | _a902472922X | ||
| 040 |
_aDLC _cDLC _dDLC |
||
| 050 | 0 | 0 |
_aB829.5 _b.P49 1984 |
| 082 | 0 | 0 |
_a142/.7 _219 |
| 100 |
_aCho, Kah Kyung _915357 |
||
| 245 | 0 | 0 |
_aPhilosophy and science in phenomenological perspective / _cedited by Kah Kyung Cho. |
| 260 |
_aDordrecht ; _aBoston : _bM. Nijhoff ; _aHingham, MA : _bDistributors for the United States and Canada, Kluwer Academic Publishers, _c1984. |
||
| 300 |
_axxiii, 252 p. ; _c25 cm. |
||
| 440 | 0 |
_aPhaenomenologica ; _v95 _915355 |
|
| 500 | _a"Articles included in this volume originate from contributions to the International Conference on Philosophy and Science in Phenomenological Perspective, held in Buffalo in March 1982"--Pref. | ||
| 504 | _aIncludes bibliographical references and indexes. | ||
| 650 | 0 |
_aPhenomenology _xCongresses. _915356 |
|
| 700 | 1 |
_aCho, Kah Kyung. _915357 |
|
| 711 | 2 |
_aInternational Conference on Philosophy and Science in Phenomenological Perspective _d(1982 : _cBuffalo, N.Y.) _915358 |
|
| 906 |
_a7 _bcbc _corignew _d1 _eocip _f19 _gy-gencatlg |
||
| 942 |
_2lcc _cMONOGRAPH |
||
| 999 |
_c122119 _d122119 |
||